000
00185 a2200097 4500
001
991
100
_a
Iliffe
245
_a
Radio value data
260
_a
_b
Iliffe
_c
090
_c
569
_d
569
942
_a
NUST-CAE
_c
M
_c
32144
999
_c
236064
_d
236064